NBA Rookie of the Year Quiz - Statistics

General Stats
  • This quiz has been taken 3,084 times
  • The average score is 21 of 67
Answer Stats
Team Year Answer % Correct
Minnesota Timberwolves 2016 Karl-Anthony Towns
94%
Minnesota Timberwolves 2015 Andrew Wiggins
87%
Cleveland Cavaliers 2012 Kyrie Irving
86%
Portland Trail Blazers 2013 Damian Lillard
85%
Cleveland Cavaliers 2004 LeBron James
84%
Seattle SuperSonics 2008 Kevin Durant
83%
Los Angeles Clippers 2011 Blake Griffin
81%
Chicago Bulls 2009 Derrick Rose
81%
Chicago Bulls 1985 Michael Jordan
76%
New Orleans Hornets 2006 Chris Paul
70%
Toronto Raptors 1999 Vince Carter
65%
Orlando Magic 1993 Shaquille O'Neal
59%
San Antonio Spurs 1998 Tim Duncan
58%
Philadelphia 76ers 2014 Michael Carter-Williams
54%
Philadelphia 76ers 1997 Allen Iverson
52%
Memphis Grizzlies 2002 Pau Gasol
51%
Boston Celtics 1980 Larry Bird
49%
New York Knicks 1986 Patrick Ewing
49%
Philadelphia Warriors 1960 Wilt Chamberlain
47%
Dallas Mavericks 1995 Jason Kidd
44%
Charlotte Hornets 1992 Larry Johnson
44%
San Antonio Spurs 1990 David Robinson
43%
Orlando Magic 2001 Mike Miller
43%
Sacramento Kings 2010 Tyreke Evans
43%
Milwaukee Bucks 1970 Lew Alcindor
41%
Phoenix Suns 2003 Amar'e Stoudemire
39%
New Jersey Nets 1982 Buck Williams
39%
Cincinnati Royals 1961 Oscar Robertson
34%
Charlotte Bobcats 2005 Emeka Okafor
31%
Chicago Bulls Elton Brand
27%
Golden State Warriors 1994 Chris Webber
26%
Detroit Pistons Grant Hill
25%
Milwaukee Hawks 1955 Bob Pettit
22%
San Francisco Warriors 1966 Rick Barry
22%
Phoenix Suns 1978 Walter Davis
21%
Baltimore Bullets 1969 Wes Unseld
21%
Buffalo Braves 1973 Bob McAdoo
20%
Houston Rockets 1984 Ralph Sampson
19%
New York Knicks 1965 Willis Reed
18%
Minneapolis Lakers 1959 Elgin Baylor
17%
Portland Trail Blazers 2007 Brandon Roy
14%
Golden State Warriors 1989 Mitch Richmond
14%
New York Knicks 1988 Mark Jackson
13%
Boston Celtics Dave Cowens
11%
Buffalo Braves 1977 Adrian Dantley
10%
New Jersey Nets 1991 Derrick Coleman
9%
Houston Rockets 2000 Steve Francis
7%
Detroit Pistons 1967 Dave Bing
6%
Baltimore Bullets 1968 Earl Monroe
6%
Cincinnati Royals 1964 Jerry Lucas
6%
Toronto Raptors 1996 Damon Stoudamire
4%
Chicago Packers 1962 Walt Bellamy
4%
Phoenix Suns 1976 Alvan Adams
3%
Indiana Pacers 1987 Chuck Person
2%
Golden State Warriors 1975 Jamaal Wilkes
2%
San Diego Clippers 1983 Terry Cummings
2%
Utah Jazz 1981 Darrell Griffith
1%
Buffalo Braves 1974 Ernie DiGregorio
1%
Portland Trail Blazers 1971 Geoff Petrie
1%
Rochester Royals 1956 Maurice Stokes
1%
Kansas City Kings 1979 Phil Ford
1%
Baltimore Bullets 1954 Ray Felix
1%
Portland Trail Blazers 1972 Sidney Wicks
1%
Chicago Zephyrs 1963 Terry Dischinger
1%
Boston Celtics 1957 Tom Heinsohn
1%
Fort Wayne Pistons 1953 Don Meineke
0%
Philadelphia Warriors 1958 Wood Sauldsberry
0%
No matching quizzes found
Score Distribution
Percent of People with Each Score
Percentile by Number Answered
Your Score History
You have not taken this quiz